| 000 | 00867nam0a22002651 4500 | ||
|---|---|---|---|
| 001 | v19\rc\1397481 | ||
| 005 | 20260407004918.0 | ||
| 035 | _a(NLR Aleph) 004528556 | ||
| 090 |
_a1836856 _c1836856 |
||
| 100 | _a20060512d1871 |||y0rusy50 ca | ||
| 101 | 0 | _arus | |
| 102 | _aRU | ||
| 105 | _ay z ||||| | ||
| 200 | 1 |
_aУстав Московского общества улучшения скотоводства в России _eУтв... 2 нояб. 1871 г. |
|
| 210 |
_aМосква _d1871 |
||
| 215 |
_a8 с. _d23 |
||
| 710 | 0 | 2 |
_aМосковское о-во улучшения скотоводства в России _9488704 _3RU\NLR\AUTH\889995841 |
| 801 | 0 |
_aRU _bNLR _gpsbo |
|
| 801 | 0 |
_aRU _bRuMoRGB _2psbo |
|
| 801 | 1 |
_aRU _bProSoft-M _2rusmarc |
|
| 852 |
_aNLR _j18.130.6.112 |
||
| 899 |
_aRuMoRGB _jE 85/33 |
||
| 899 | _aБАН | ||
| 942 | _cBOOK | ||
| 980 | _aNB | ||